Which Wyoming city? - Statistics

General Stats
  • This quiz has been taken 15 times
  • The average score is 5 of 9
Answer Stats
Hint Answer % Correct
Is the capital of Wyoming Cheyenne
100%
Is home to the University of Wyoming Laramie
89%
Painter Jackson Pollock was born here Cody
56%
At least 28 immigrant Chinese miners were killed in a racially motivated attack here Rock Springs
56%
Hosts the WYO Rodeo annually Sheridan
44%
Has a fully restored roundhouse and railyards that date back to the 1880s Evanston
33%
Is home to the Seedskadee National Wildlife Refuge Green River
33%
Is known as the "Oil City" due to its deep roots in the oil industry Casper
22%
In November 1895, a massive fire wiped out most of the town. Gillette
22%
No matching quizzes found
Score Distribution
Percent of People with Each Score
Percentile by Number Answered
Your Score History
You have not taken this quiz